Was kommt als Nächstes? #1 - Statistiken

Allgemein
  • Dieses Quiz wurde 30 mal gespielt
    18 seit der letzten Aktualisierung
  • Das Durchschnittsergebnis liegt bei 7 aus 15
Antwortstatistiken
Frage Antwort % Korrekt
Der Widerspenstigen Zähmung / Drei Schwestern / Little Women Stolz und Vorurteil
73%
Stanley / Mawenzi / Kenia Kilimandscharo
67%
30: Belém / 29: Baku / 28: Dubai 27. Sharm el-Sheikh
60%
→ Amazonas / ↓ Mississippi / ← Tajo ↑ Nil
60%
William I.: Starb kurz nach dem Regierungsantritt / William II.: Wurde bei einem Attentat ermordet / William III.: Sein Zweitname war Howard William IV.: Hatte eine Affäre mit einer 27 Jahre jüngeren Frau
53%
13: Anna von Österreich / 14: Maria Teresa von Spanien / 15: Maria Leszczyńska 16: Marie Antoinette
47%
4.: Macon und Rustawi / 3.: Augusta und Kutaissi / 2.: Columbus und Batumi 1.: Atlanta und Tiflis
47%
Blut / Frösche / Mücken Fliegen
47%
Labyrinth / Frühlingshof / Murmel Grüner Hügel
47%
Sirimavo Bandaranaike, PM von Sri Lanka, 1994 / Georg VI., König des Vereinigten Königreichs, 1936 / Kim Jong-un, Machthaber von Nordkorea, 2011 Ludwig XVI, König von Frankreich, 1774
47%
Moskau / Lawrence Berkeley National Laboratory / Tennessee Juri Oganesjan
33%
Photosphäre / Chromosphäre / Übergangsregion Korona
33%
Erste belegte Aufführung der Komödie "Was ihr wollt" / Tod von Elisabeth I. / Ende des Englisch-Spanischen Krieges Gunpowder Plot
27%
Postkutsche / Troika / Fiaker Chaise
20%
4.: "Delicatessen", "Die fabelhafte Welt der Amélie" etc. / 3.: "Fight Club", "Gone Girl – Das perfekte Opfer" etc. / 2.: "Titanic", "Avatar – Aufbruch nach Pandora" etc. 1.: "Blade Runner", "Gladiator" etc.
7%
Keine übereinstimmenden Quizze gefunden
Verteilung der Resultate
Anzahl Personen mit jedem Resultat
Perzentil nach korrekt beantworteten Fragen
Ihre Resultats-Entwicklung
Sie haben dieses Quiz seit der letzten Aktualisierung nicht gespielt